000 01081nam a22002537a 4500
005 20240530110454.0
008 150531s2010 ua ad g 000 0 ara d
017 _a2008/8515
_bمصر . دار الكتب المصرية
020 _a9773373231
040 _aEG-CaGPL
082 0 4 _221
_a658.15\
_bخ ت
245 0 2 _aالتخطيط المالى و تقييم المشروعات ماليا /
_cاعداد المادة العلمية خبراء مركز الخبرات المهنية للادارة بميك ؛ المستشار العلمى عبدالرحمن توفيق
260 _aالقاهرة :
_bبميك ،
_c2010 .
300 _a63 ص :
_bجداول ؛
_c24 سم .
490 _aسلسلة اصدارات بميك ؛
_v3
650 0 4 _aالادارة المالية
650 0 4 _aالمحاسبة الادارية
650 0 4 _aالاستثمار
650 0 4 _aالميزانيات التقديرية
700 0 _aعبدالرحمن توفيق
_eمستشار علمى
710 0 _aبميك
942 _2ddc
_cBK
999 _c61331
_d61331